[Event "SV Erkenschwick 1 - Klub Kölner SF 1"]
[Site "Oberliga NRW 2021/2022"]
[Date "2022.05.29"]
[Round "6.5"]
[White "Meertens, Martin"]
[Black "Van Beek, Alexander"]
[Result "0-1"]
[WhiteElo "2135"]
[BlackElo "2297"]
[PlyCount "84"]
[EventDate "2022.??.??"]
[SourceVersionDate "2020.03.16"]
[WhiteTeam "Klub Kölner SF 1"]
[BlackTeam "SV Erkenschwick 1"]

1. e4 e5 2. Nf3 Nc6 3. Bb5 a6 4. Ba4 Nf6 5. O-O Be7 6. d3 b5 7. Bb3 d6 8. a3
Na5 9. Ba2 c5 10. h3 O-O 11. Nc3 Be6 12. Nd5 Nxd5 13. exd5 Bd7 14. b4 Nb7 15.
bxc5 Nxc5 16. d4 exd4 17. Nxd4 Bf6 18. Be3 Qa5 19. Qe1 Qc7 20. c4 Nd3 21. Qc3
Ne5 22. Rac1 Rac8 23. f4 Nxc4 24. Bxc4 bxc4 25. Qd2 c3 26. Qd3 Qa5 27. Rfd1
Rfe8 28. Nc2 g6 29. Bd4 Bf5 30. Qf3 Bxd4+ 31. Rxd4 Qb6 32. Qf2 Qb2 33. Rdd1 Rc5
34. Ne3 Be4 35. f5 Qxf2+ 36. Kxf2 gxf5 37. Rd4 Rb8 38. g4 Rb1 39. Rxe4 Rxc1 40.
Re8+ Kg7 41. g5 c2 42. Nxf5+ Kg6 0-1

[Event "SV Erkenschwick 1 - Klub Kölner SF 1"]
[Site "Oberliga NRW 2021/2022"]
[Date "2022.05.29"]
[Round "6.6"]
[White "Homs, Guust"]
[Black "Pragua, Christoph"]
[Result "1/2-1/2"]
[WhiteElo "2130"]
[BlackElo "2022"]
[PlyCount "27"]
[EventDate "2022.??.??"]
[SourceVersionDate "2020.03.16"]
[WhiteTeam "SV Erkenschwick 1"]
[BlackTeam "Klub Kölner SF 1"]

1. e4 e5 2. Nf3 Nc6 3. Bc4 Nf6 4. d3 Bc5 5. c3 d6 6. O-O a6 7. Qe2 Be6 8. Nbd2
Ba7 9. Bb3 O-O 10. Nc4 h6 11. Be3 b5 12. Ncd2 Re8 13. Bxa7 Rxa7 14. Bxe6
1/2-1/2

[Event "SV Erkenschwick 1 - Klub Kölner SF 1"]
[Site "Oberliga NRW 2021/2022"]
[Date "2022.05.29"]
[Round "6.7"]
[White "Goldenstein, Arnd"]
[Black "Henn, Marcus"]
[Result "1-0"]
[WhiteElo "1897"]
[BlackElo "1999"]
[PlyCount "55"]
[EventDate "2022.??.??"]
[SourceVersionDate "2020.03.16"]
[WhiteTeam "Klub Kölner SF 1"]
[BlackTeam "SV Erkenschwick 1"]

1. d4 Nf6 2. c4 e6 3. Nc3 Bb4 4. e3 O-O 5. Bd3 d5 6. cxd5 exd5 7. Nge2 Re8 8.
O-O Bd6 9. f3 c5 10. Kh1 Nc6 11. a3 a6 12. dxc5 Bxc5 13. Nf4 Be6 14. e4 dxe4
15. Nxe6 Rxe6 16. Nxe4 Nxe4 17. Bxe4 Qh4 18. Qe1 Qh5 19. Qg3 Bd4 20. Rb1 Qb5
21. Bf4 f5 22. a4 Qa5 23. Bc7 fxe4 24. Bxa5 Nxa5 25. Qc7 Bb6 26. Qd7 Rae8 27.
fxe4 Rxe4 28. Qf7+ 1-0

[Event "SV Erkenschwick 1 - Klub Kölner SF 1"]
[Site "Oberliga NRW 2021/2022"]
[Date "2022.05.29"]
[Round "6.8"]
[White "Trzaska, Peter"]
[Black "Richter, Goetz"]
[Result "1/2-1/2"]
[WhiteElo "2038"]
[BlackElo "1854"]
[PlyCount "89"]
[EventDate "2022.??.??"]
[SourceVersionDate "2020.03.16"]
[WhiteTeam "SV Erkenschwick 1"]
[BlackTeam "Klub Kölner SF 1"]

1. c4 c5 2. Nf3 e6 3. d4 cxd4 4. Nxd4 Bb4+ 5. Bd2 Qb6 6. Bxb4 Qxb4+ 7. Qd2
Qxd2+ 8. Kxd2 Nf6 9. Nc3 O-O 10. Ndb5 Nc6 11. Nd6 b6 12. e3 Ne8 13. Nxe8 Rxe8
14. Nb5 Rd8 15. Nd6 Na5 16. Be2 Nb7 17. Bf3 Rb8 18. Bxb7 Bxb7 19. e4 Kf8 20.
Ke3 Ke7 21. Rad1 Bc6 22. Rd2 f6 23. Rhd1 Ra8 24. f4 Rab8 25. h4 g6 26. g3 f5
27. e5 Rg8 28. Nb5 Bxb5 29. cxb5 Rgd8 30. h5 Rbc8 31. Rh1 g5 32. fxg5 Rc5 33.
Kf4 Rc4+ 34. Kf3 Re4 35. Re2 Rxe2 36. Kxe2 Rg8 37. g6 hxg6 38. hxg6 Rxg6 39.
Rh7+ Kd8 40. Rh8+ Kc7 41. Ra8 Kb7 42. Rd8 Kc7 43. Ra8 Kb7 44. Rd8 Kc7 45. Ra8
1/2-1/2

[Event "SF Essen-Katernberg  1 - SV Letmathe 1"]
[Site "Oberliga NRW 2021/2022"]
[Date "2022.05.29"]
[Round "6.1"]
[White "Bosch, Jeroen"]
[Black "Siebrecht, Sebastian"]
[Result "1-0"]
[WhiteElo "2390"]
[BlackElo "2344"]
[Annotator "daniel"]
[PlyCount "107"]
[EventDate "2022.??.??"]
[SourceVersionDate "2020.03.16"]
[WhiteTeam "SV Letmathe 1"]
[BlackTeam "SF Essen-Katernberg  1"]

1. d4 d5 2. c4 c6 3. cxd5 cxd5 4. Bg5 h6 5. Bh4 Nc6 6. Nc3 Bf5 7. e3 Qa5 8. a3
e6 9. Qb3 Qc7 10. Bg3 Qd7 11. Nf3 f6 12. Be2 g5 13. O-O h5 14. h4 g4 15. Ne1
Nh6 16. Rd1 Rd8 17. Nd3 Bxd3 18. Bxd3 f5 19. Rc1 Nf7 20. Na4 Rc8 21. Bb5 Be7
22. Rc3 O-O 23. Rfc1 Nfd8 24. Qc2 Bd6 25. Nc5 Bxc5 26. Rxc5 a6 27. Ba4 Ra8 28.
b4 Qe7 29. Qb2 Rf7 30. Bd1 Qf6 31. a4 f4 $11 32. Bxf4 Nxd4 33. Qd2 N4c6 34. Bg5
Qe5 35. b5 axb5 36. axb5 Ne7 37. Rc7 Qd6 38. e4 Ng6 39. Rc8 Rxc8 40. Rxc8 Rd7
41. exd5 exd5 42. Bc2 Ne7 43. Ra8 Qe5 44. Qd3 Qe1+ 45. Kh2 Kf8 46. Qh7 Qe5+ 47.
g3 Qe2 48. Qh6+ Kf7 49. Qxh5+ Ke6 50. Qh6+ Kf7 51. Qf6+ Kg8 52. Bg6 Nxg6 53.
Qxg6+ Kf8 54. Qf6+ 1-0

[Event "SF Essen-Katernberg  1 - SV Letmathe 1"]
[Site "Oberliga NRW 2021/2022"]
[Date "2022.05.29"]
[Round "6.2"]
[White "Tomic, Bosko"]
[Black "Soukup, Jiri"]
[Result "1-0"]
[WhiteElo "2382"]
[BlackElo "2354"]
[PlyCount "77"]
[EventDate "2022.??.??"]
[SourceVersionDate "2020.03.16"]
[WhiteTeam "SF Essen-Katernberg  1"]
[BlackTeam "SV Letmathe 1"]

1. e4 e5 2. Nf3 Nc6 3. Bb5 Bc5 4. O-O Nd4 5. Nxd4 Bxd4 6. c3 Bb6 7. d4 c6 8.
Ba4 d6 9. Nd2 Nf6 10. Nc4 Bc7 11. Bc2 Be6 12. Ne3 g6 13. f4 exf4 14. Rxf4 d5
15. e5 Nh5 16. Rf2 Qd7 17. Nf5 O-O-O 18. Nh6 Rdf8 19. g4 Ng7 20. Bg5 Bd8 21.
Qd2 Bxg5 22. Qxg5 Qd8 23. Qxd8+ Kxd8 24. Raf1 Ke7 25. g5 Nf5 26. Bxf5 gxf5 27.
h4 b6 28. Kg2 c5 29. Nxf5+ Bxf5 30. Rxf5 h6 31. Rf6 hxg5 32. hxg5 Rh4 33. Kg3
Re4 34. g6 cxd4 35. cxd4 Rxd4 36. Rxf7+ Rxf7 37. gxf7 Kf8 38. e6 Re4 39. Rf6
1-0

[Event "SF Essen-Katernberg  1 - SV Letmathe 1"]
[Site "Oberliga NRW 2021/2022"]
[Date "2022.05.29"]
[Round "6.3"]
[White "Gruermann, Martin"]
[Black "Kueppers, Timo"]
[Result "1/2-1/2"]
[WhiteElo "2201"]
[BlackElo "2287"]
[Annotator "daniel"]
[PlyCount "100"]
[EventDate "2022.??.??"]
[SourceVersionDate "2020.03.16"]
[WhiteTeam "SV Letmathe 1"]
[BlackTeam "SF Essen-Katernberg  1"]

1. e4 c5 2. Nf3 d6 3. Nc3 a6 4. g3 Nf6 5. e5 dxe5 6. Nxe5 Nbd7 7. d4 Nxe5 8.
dxe5 Qxd1+ 9. Nxd1 Ng4 10. f4 Bf5 11. Bg2 O-O-O 12. Ne3 Nxe3 13. Bxe3 e6 14. c3
Be7 15. Kf2 Kc7 16. Rhd1 Bc2 17. Rxd8 Rxd8 18. Bf3 Ba4 19. b3 Bc6 20. c4 Bxf3
21. Kxf3 b5 22. Rc1 b4 23. Ke2 a5 24. Rd1 Ra8 25. a4 bxa3 26. Ra1 a4 27. Rxa3
axb3 28. Rxb3 Ra2+ 29. Bd2 h5 30. Rc3 Kc6 31. Kd3 Bd8 32. Rc2 Ra3+ 33. Rc3 Ra2
34. Rc2 Ra3+ 35. Rc3 $11 Ra8 36. Rc2 Bb6 37. Be3 Ra3+ 38. Rc3 Ra4 39. Rc2 Ba5
40. Ke4 g6 41. Kf3 Ra3 42. Ke4 Ra1 43. Kf3 Ra3 44. Ke4 Bb4 45. Kf3 Kb6 46. Ke4
Ra1 47. Rb2 Kc6 48. Bd2 Bxd2 49. Rxd2 Re1+ 50. Kd3 Ra1 1/2-1/2

[Event "SF Essen-Katernberg  1 - SV Letmathe 1"]
[Site "Oberliga NRW 2021/2022"]
[Date "2022.05.29"]
[Round "6.4"]
[White "Rosen, Bernd"]
[Black "Pfleger, Sascha"]
[Result "1-0"]
[WhiteElo "2278"]
[BlackElo "1960"]
[PlyCount "97"]
[EventDate "2022.??.??"]
[SourceVersionDate "2020.03.16"]
[WhiteTeam "SF Essen-Katernberg  1"]
[BlackTeam "SV Letmathe 1"]

1. c4 Nf6 2. g3 c5 3. Bg2 Nc6 4. Nc3 g6 5. Nf3 Bg7 6. d4 cxd4 7. Nxd4 O-O 8.
O-O a6 9. Nc2 d6 10. b3 Ne5 11. h3 Rb8 12. Be3 Bd7 13. Rc1 Bc6 14. Nd5 Nxd5 15.
cxd5 Be8 16. Qd2 Nd7 17. Qb4 a5 18. Qd2 Nc5 19. Bd4 Bb5 20. Bxg7 Kxg7 21. Nd4
Bd7 22. h4 h6 23. a3 Kh7 24. b4 axb4 25. axb4 Na6 26. h5 Rc8 27. Be4 Rxc1 28.
Rxc1 Qb6 29. Rb1 Kg7 30. Qe3 Qd8 31. Kg2 f5 32. Bd3 gxh5 33. Qf3 Rf6 34. Bxf5
Bxf5 35. Nxf5+ Kg6 36. e4 Qf8 37. Qe3 Kh7 38. Qd4 Qd8 39. Rc1 Qf8 40. Qb6 Rxf5
41. exf5 Qxf5 42. Qd4 Qg4 43. Qe3 Qg5 44. Qe4+ Kg7 45. Rc4 h4 46. Qe6 h5 47.
Rf4 Nc7 48. Qf7+ Kh6 49. Rf5 1-0

[Event "SF Essen-Katernberg  1 - SV Letmathe 1"]
[Site "Oberliga NRW 2021/2022"]
[Date "2022.05.29"]
[Round "6.5"]
[White "Hunold, Rolf"]
[Black "Wessendorf, Thomas"]
[Result "0-1"]
[WhiteElo "1940"]
[BlackElo "2242"]
[PlyCount "58"]
[EventDate "2022.??.??"]
[SourceVersionDate "2020.03.16"]
[WhiteTeam "SV Letmathe 1"]
[BlackTeam "SF Essen-Katernberg  1"]

1. e4 c5 2. Nf3 d6 3. Bb5+ Nc6 4. O-O Bd7 5. Re1 Nf6 6. h3 a6 7. Bf1 g6 8. c3
Bg7 9. d4 cxd4 10. cxd4 e5 11. Nc3 O-O 12. Be3 exd4 13. Nxd4 Re8 14. f3 d5 15.
Nxc6 Bxc6 16. Qb3 dxe4 17. Bc4 Qe7 18. fxe4 Nxe4 19. Nd5 Qe5 20. Nb6 Qg3 21.
Bxf7+ Kh8 22. Bd5 Bxd5 23. Nxd5 Be5 24. Qa4 Qh2+ 25. Kf1 Rf8+ 26. Ke2 Qxg2+ 27.
Kd3 Nc5+ 28. Bxc5 Qxd5+ 29. Bd4 Rad8 0-1

[Event "SF Essen-Katernberg  1 - SV Letmathe 1"]
[Site "Oberliga NRW 2021/2022"]
[Date "2022.05.29"]
[Round "6.6"]
[White "Meyer, Armin"]
[Black "Schaar, Axel"]
[Result "1-0"]
[WhiteElo "2250"]
[BlackElo "1852"]
[PlyCount "65"]
[EventDate "2022.??.??"]
[SourceVersionDate "2020.03.16"]
[WhiteTeam "SF Essen-Katernberg  1"]
[BlackTeam "SV Letmathe 1"]

1. c4 e5 2. g3 d6 3. Bg2 Nc6 4. Nc3 g6 5. d3 Bg7 6. e4 Nge7 7. Nge2 O-O 8. O-O
Be6 9. Nd5 Qd7 10. Bg5 f5 11. Qd2 Bf7 12. Rac1 a5 13. b3 Nxd5 14. cxd5 Nb4 15.
a3 h6 16. Be3 Na6 17. Qc2 Rac8 18. d4 c5 19. dxe5 dxe5 20. Qd2 g5 21. exf5 Qxf5
22. Nc3 b6 23. Be4 Qf6 24. Qd3 c4 25. bxc4 Nc5 26. Bxc5 Rxc5 27. Bh7+ Kh8 28.
Ne4 Qd8 29. Nxc5 bxc5 30. Be4 Bh5 31. Rb1 Qc8 32. Rb2 Kg8 33. Rfb1 1-0

[Event "SF Essen-Katernberg  1 - SV Letmathe 1"]
[Site "Oberliga NRW 2021/2022"]
[Date "2022.05.29"]
[Round "6.7"]
[White "Heeke, Guido"]
[Black "Schimnatkowski, Lukas"]
[Result "0-1"]
[WhiteElo "1857"]
[BlackElo "2214"]
[PlyCount "56"]
[EventDate "2022.??.??"]
[SourceVersionDate "2020.03.16"]
[WhiteTeam "SV Letmathe 1"]
[BlackTeam "SF Essen-Katernberg  1"]

1. c4 c5 2. Nc3 Nf6 3. g3 d5 4. cxd5 Nxd5 5. Bg2 Nc7 6. Nf3 Nc6 7. O-O e5 8. d3
Be7 9. Be3 Bd7 10. Rc1 O-O 11. Ne1 Rc8 12. f4 exf4 13. Bxf4 b6 14. Kh1 Nd4 15.
Nc2 Nce6 16. Nd5 Nxf4 17. Nxf4 Ne6 18. Nh3 Bf6 19. b3 Re8 20. Nf2 Be5 21. e4
Nd4 22. Ne3 Qg5 23. Nc4 Bc7 24. Qd2 Qxd2 25. Nxd2 Rcd8 26. Nf3 Bb5 27. b4 Nxf3
28. Bxf3 Bd6 0-1

[Event "SF Essen-Katernberg  1 - SV Letmathe 1"]
[Site "Oberliga NRW 2021/2022"]
[Date "2022.05.29"]
[Round "6.8"]
[White "Bee, Marcus"]
[Black "Atasoy, Tarik"]
[Result "1-0"]
[WhiteElo "2190"]
[BlackElo "1766"]
[PlyCount "145"]
[EventDate "2022.??.??"]
[SourceVersionDate "2020.03.16"]
[WhiteTeam "SF Essen-Katernberg  1"]
[BlackTeam "SV Letmathe 1"]

1. Nf3 Nf6 2. c4 c5 3. g3 b6 4. Bg2 Bb7 5. O-O d6 6. a3 g6 7. b4 Bg7 8. Bb2 O-O
9. d3 Qc7 10. Nc3 Nbd7 11. Rc1 Rad8 12. Qd2 Rfe8 13. Rfd1 Nf8 14. h3 e5 15. e4
Ne6 16. Nd5 Qd7 17. Rf1 Nd4 18. Bxd4 cxd4 19. Nxf6+ Bxf6 20. b5 Kg7 21. a4 Ra8
22. Ra1 a6 23. Nh2 h5 24. f4 axb5 25. axb5 Rxa1 26. Rxa1 Ra8 27. Rxa8 Bxa8 28.
Qa2 Qb7 29. Nf3 Kf8 30. h4 Qb8 31. Bh3 Bb7 32. f5 Qa8 33. Qxa8+ Bxa8 34. fxg6
fxg6 35. Be6 Bb7 36. Kf2 Ke7 37. Bh3 Kf7 38. Ke2 Ke7 39. Kd2 Kd8 40. Kc2 Bc8
41. Bxc8 Kxc8 42. Kd2 Kd7 43. Ke2 Ke6 44. Ne1 Be7 45. Nc2 Kd7 46. Nb4 Ke6 47.
Nc6 Kd7 48. Kf3 Bf6 49. Kg2 Ke6 50. Nb4 Bd8 51. Kh3 Be7 52. g4 Bd8 53. Na2 Bf6
54. Nc1 Be7 55. Ne2 Kf6 56. Ng3 hxg4+ 57. Kxg4 Ke6 58. h5 gxh5+ 59. Kxh5 Kf6
60. Kg4 Kg6 61. Nf5 Bf8 62. Nh4+ Kf6 63. Kh5 Be7 64. Nf3 Bd8 65. Ne1 Bc7 66.
Nc2 Kg7 67. Kg5 Kf7 68. Nb4 Ke6 69. Nd5 Bd8+ 70. Kg6 Kd7 71. Kf7 Bg5 72. Nxb6+
Kc7 73. Nd5+ 1-0

[Event "Klub Kölner SF 1 - SF Essen-Katernberg"]
[Site "Oberliga NRW 2021/2022"]
[Date "2022.03.13"]
[Round "7.1"]
[White "Tomic, Bosko"]
[Black "Morawietz, Dieter"]
[Result "1-0"]
[WhiteElo "2382"]
[BlackElo "2406"]
[PlyCount "85"]
[EventDate "2022.??.??"]
[SourceVersionDate "2020.03.16"]
[WhiteTeam "SF Essen-Katernberg  1"]
[BlackTeam "Klub Kölner SF 1"]

1. e4 c5 2. Nf3 e6 3. Nc3 d6 4. d4 cxd4 5. Nxd4 Nf6 6. f4 Be7 7. Qf3 O-O 8. Be3
e5 9. Nf5 Bxf5 10. exf5 Nbd7 11. O-O-O Rc8 12. fxe5 dxe5 13. Ne4 Nxe4 14. Qxe4
Qc7 15. Qc4 Bc5 16. Bxc5 Nxc5 17. Be2 b5 18. Qxb5 Ne4 19. Qa4 Nf2 20. Rd7 Qc5
21. Re1 Qe3+ 22. Kb1 Ne4 23. Rdd1 Nc3+ 24. bxc3 Rb8+ 25. Bb5 Qxc3 26. Qb3 Qc8
27. Rxe5 a6 28. a4 axb5 29. Rxb5 Qc7 30. h4 Rbc8 31. g4 Qh2 32. h5 Qe2 33. Rd4
h6 34. Rb7 Qe1+ 35. Ka2 Qc1 36. Rc4 Kh7 37. f6 Rcd8 38. fxg7 Rg8 39. Rxf7 Rd1
40. Qb2 Qe3 41. Qf6 Ra1+ 42. Qxa1 Qe6 43. Qf1 1-0

[Event "Klub Kölner SF 1 - SF Essen-Katernberg"]
[Site "Oberliga NRW 2021/2022"]
[Date "2022.03.13"]
[Round "7.2"]
[White "Helbig, Mark"]
[Black "Kueppers, Timo"]
[Result "1/2-1/2"]
[WhiteElo "2240"]
[BlackElo "2286"]
[PlyCount "31"]
[EventDate "2022.??.??"]
[SourceVersionDate "2020.03.16"]
[WhiteTeam "Klub Kölner SF 1"]
[BlackTeam "SF Essen-Katernberg  1"]

1. c4 c5 2. g3 Nc6 3. Bg2 g6 4. Nc3 Bg7 5. Rb1 d6 6. a3 a5 7. e3 e5 8. Nge2
Nge7 9. Nd5 O-O 10. Nec3 Be6 11. d3 Rb8 12. Bd2 Qd7 13. Nb6 Qd8 14. Nbd5 Qd7
15. Nb6 Qd8 16. Nbd5 1/2-1/2

[Event "Klub Kölner SF 1 - SF Essen-Katernberg"]
[Site "Oberliga NRW 2021/2022"]
[Date "2022.03.13"]
[Round "7.3"]
[White "Rosen, Bernd"]
[Black "Bonnmann, Reinhard"]
[Result "1/2-1/2"]
[WhiteElo "2278"]
[BlackElo "2183"]
[PlyCount "26"]
[EventDate "2022.??.??"]
[SourceVersionDate "2020.03.16"]
[WhiteTeam "SF Essen-Katernberg  1"]
[BlackTeam "Klub Kölner SF 1"]

1. c4 g6 2. g3 Bg7 3. Bg2 d6 4. Nc3 e5 5. d3 Nc6 6. e4 Nd4 7. Nge2 Ne7 8. Nxd4
exd4 9. Ne2 O-O 10. O-O Rb8 11. b3 b5 12. Bb2 c5 13. Nf4 Bd7 1/2-1/2

[Event "Klub Kölner SF 1 - SF Essen-Katernberg"]
[Site "Oberliga NRW 2021/2022"]
[Date "2022.03.13"]
[Round "7.4"]
[White "Wisskirchen, Andreas"]
[Black "Wessendorf, Thomas"]
[Result "1-0"]
[WhiteElo "2187"]
[BlackElo "2242"]
[PlyCount "51"]
[EventDate "2022.??.??"]
[SourceVersionDate "2020.03.16"]
[WhiteTeam "Klub Kölner SF 1"]
[BlackTeam "SF Essen-Katernberg  1"]

1. Nf3 Nf6 2. c4 e6 3. Nc3 c5 4. g3 d5 5. cxd5 exd5 6. d4 Nc6 7. Bg2 Be7 8. O-O
O-O 9. Bg5 cxd4 10. Nxd4 h6 11. Be3 Re8 12. Rc1 Bg4 13. Qa4 Qd7 14. Rfd1 Bh3
15. Nxc6 bxc6 16. Bh1 Bd8 17. Bd4 Qe6 18. Re1 Bb6 19. e4 Ng4 20. Re2 Ne5 21.
exd5 Qf5 22. f4 Qd3 23. Bxb6 Nf3+ 24. Bxf3 Qxf3 25. Rf2 Qd3 26. Qd4 1-0

[Event "Klub Kölner SF 1 - SF Essen-Katernberg"]
[Site "Oberliga NRW 2021/2022"]
[Date "2022.03.13"]
[Round "7.5"]
[White "Meyer, Armin"]
[Black "Schmidt, Martin"]
[Result "1/2-1/2"]
[WhiteElo "2250"]
[BlackElo "2164"]
[PlyCount "69"]
[EventDate "2022.??.??"]
[SourceVersionDate "2020.03.16"]
[WhiteTeam "SF Essen-Katernberg  1"]
[BlackTeam "Klub Kölner SF 1"]

1. c4 e5 2. g3 d6 3. Bg2 f5 4. Nf3 Nf6 5. O-O Be7 6. d3 O-O 7. b4 a5 8. b5 Qe8
9. a4 Nbd7 10. Ba3 Qh5 11. Nc3 Rb8 12. e3 b6 13. Rc1 g5 14. Nd2 Qh6 15. Nd5 Bd8
16. f4 Nxd5 17. Bxd5+ Kh8 18. Qe2 Bf6 19. Bg2 exf4 20. exf4 g4 21. Nb3 Nc5 22.
Nxc5 dxc5 23. Bc6 Bb7 24. Bxb7 Rxb7 25. Bb2 Rbb8 26. Rfe1 Rbd8 27. Rcd1 Qg7 28.
Bxf6 Qxf6 29. Qe5 Rd7 30. Kf2 Kg7 31. Re3 h5 32. Ke2 Rff7 33. Kd2 Rfe7 34.
Qxf6+ Kxf6 35. Rde1 1/2-1/2

[Event "Klub Kölner SF 1 - SF Essen-Katernberg"]
[Site "Oberliga NRW 2021/2022"]
[Date "2022.03.13"]
[Round "7.6"]
[White "Meertens, Martin"]
[Black "Schimnatkowski, Lukas"]
[Result "0-1"]
[WhiteElo "2135"]
[BlackElo "2221"]
[PlyCount "100"]
[EventDate "2022.??.??"]
[SourceVersionDate "2020.03.16"]
[WhiteTeam "Klub Kölner SF 1"]
[BlackTeam "SF Essen-Katernberg  1"]

1. e4 c5 2. Nf3 d6 3. d4 cxd4 4. Nxd4 Nf6 5. Nc3 g6 6. Be3 Bg7 7. f3 a6 8. Qd2
Nbd7 9. g4 b5 10. h4 Ne5 11. h5 b4 12. Nd5 gxh5 13. gxh5 Nxd5 14. exd5 Qc7 15.
Rg1 Bf6 16. O-O-O Nc4 17. Bxc4 Qxc4 18. Kb1 a5 19. Bg5 Qxd4 20. Qxd4 Bxd4 21.
Rxd4 Rg8 22. Rdd1 Bf5 23. Be3 Kd7 24. Rxg8 Rxg8 25. Rg1 Rc8 26. Rg2 a4 27. Kc1
b3 28. axb3 axb3 29. c3 Ra8 30. Bd4 Ra5 31. c4 Ra4 32. Rg7 Rxc4+ 33. Bc3 Rc5
34. Rxf7 Rxd5 35. h6 Bc2 36. Bd2 Rh5 37. Be3 Rd5 38. Bd2 Ke6 39. Rg7 Bg6 40.
Kd1 Rh5 41. Rg8 Rh2 42. Ke1 Kd5 43. Rb8 Bc2 44. Rb4 e5 45. Bg5 Rh1+ 46. Kd2
Rd1+ 47. Ke3 Ke6 48. f4 Kf5 49. Be7 Rd3+ 50. Ke2 exf4 0-1

[Event "Klub Kölner SF 1 - SF Essen-Katernberg"]
[Site "Oberliga NRW 2021/2022"]
[Date "2022.03.13"]
[Round "7.7"]
[White "Bee, Marcus"]
[Black "Raasch, Joerg"]
[Result "1/2-1/2"]
[WhiteElo "2190"]
[BlackElo "2139"]
[PlyCount "70"]
[EventDate "2022.??.??"]
[SourceVersionDate "2020.03.16"]
[WhiteTeam "SF Essen-Katernberg  1"]
[BlackTeam "Klub Kölner SF 1"]

1. Nf3 d5 2. c4 c6 3. g3 Nf6 4. Bg2 g6 5. O-O Bg7 6. d4 O-O 7. Qb3 a5 8. cxd5
a4 9. Qd1 cxd5 10. Nc3 a3 11. b3 Nc6 12. Ne5 Ne4 13. Nxe4 Nxe5 14. dxe5 Bxe5
15. Bh6 dxe4 16. Bxe4 Re8 17. Rb1 Qb6 18. Be3 Qb4 19. Qd5 Ra5 20. Qc4 Qxc4 21.
bxc4 Be6 22. Bd5 Bxd5 23. cxd5 Bb2 24. Rfd1 Rc8 25. d6 exd6 26. Rxd6 Re5 27.
Rb6 Re7 28. Rd1 Kg7 29. Rd3 Rc2 30. Kf1 h5 31. h4 Rec7 32. Bf4 Re7 33. Be3 Rec7
34. Bf4 Re7 35. Be3 Rec7 1/2-1/2

[Event "Klub Kölner SF 1 - SF Essen-Katernberg"]
[Site "Oberliga NRW 2021/2022"]
[Date "2022.03.13"]
[Round "7.8"]
[White "Klemenz, Luca"]
[Black "Gruenter, Martin"]
[Result "0-1"]
[WhiteElo "2025"]
[BlackElo "2155"]
[PlyCount "62"]
[EventDate "2022.??.??"]
[SourceVersionDate "2020.03.16"]
[WhiteTeam "Klub Kölner SF 1"]
[BlackTeam "SF Essen-Katernberg  1"]

1. e4 c5 2. Nf3 d6 3. d4 cxd4 4. Nxd4 Nf6 5. Nc3 a6 6. Bg5 e6 7. f4 h6 8. Bh4
Qb6 9. a3 Be7 10. Bf2 Qc7 11. Qf3 Nbd7 12. O-O-O g5 13. g4 gxf4 14. Rg1 Rg8 15.
Be2 Ne5 16. Qxf4 Nfxg4 17. Kb1 Bg5 18. Qg3 h5 19. Ndb5 axb5 20. Nxb5 Qa5 21. b4
Qa4 22. Nxd6+ Ke7 23. Bc5 Kf6 24. Bxg4 hxg4 25. Rdf1+ Kg6 26. Qxe5 Qxa3 27.
Rf6+ Kh5 28. Rh6+ Kxh6 29. Nxf7+ Kh5 30. Nxg5 Qa2+ 31. Kc1 Qa1+ 0-1

[Event "SC Siegburg 1 - SV Erkenschwick 1"]
[Site "Oberliga NRW 2021/2022"]
[Date "2022.03.13"]
[Round "7.1"]
[White "Willemze, Thomas"]
[Black "Hoffmann, Michael"]
[Result "1/2-1/2"]
[WhiteElo "2350"]
[BlackElo "2430"]
[PlyCount "112"]
[EventDate "2022.??.??"]
[SourceVersionDate "2020.03.16"]
[WhiteTeam "SV Erkenschwick 1"]
[BlackTeam "SC Siegburg 1"]

1. e4 c6 2. c4 d5 3. cxd5 cxd5 4. exd5 Nf6 5. Nc3 Nxd5 6. Nf3 e6 7. Bc4 Nxc3 8.
dxc3 Qc7 9. Qe2 Bd6 10. Nd4 a6 11. Nf5 Be5 12. f4 Bf6 13. Ne3 O-O 14. O-O g6
15. Bd2 Bg7 16. Be1 Nd7 17. Bg3 Qc6 18. Bb3 b5 19. a4 Bb7 20. axb5 axb5 21.
Rxa8 Rxa8 22. Rd1 Nc5 23. Bc2 h5 24. f5 exf5 25. Nd5 Re8 26. Qe7 Ne6 27. Qh4
Kh8 28. Rd2 Qc5+ 29. Bf2 Qd6 30. Bb3 Rd8 31. Be3 Qf8 32. h3 Nc5 33. Bxc5 Qxc5+
34. Kh1 Rd7 35. c4 bxc4 36. Qxc4 Qa5 37. Rd1 Bxb2 38. Qe2 Bxd5 39. Qxb2+ Kh7
40. Qd2 Qxd2 41. Rxd2 Be6 42. Rxd7 Bxd7 43. Bxf7 h4 44. Kg1 Kg7 45. Bb3 Kf6 46.
Kf2 Kg5 47. Bd1 Kf4 48. Be2 Bc6 49. Bd1 g5 50. Be2 Bb7 51. Bd1 Bd5 52. Be2 g4
53. hxg4 fxg4 54. g3+ hxg3+ 55. Kg1 Bf3 56. Bb5 Ke3 1/2-1/2

[Event "SC Siegburg 1 - SV Erkenschwick 1"]
[Site "Oberliga NRW 2021/2022"]
[Date "2022.03.13"]
[Round "7.2"]
[White "Jackelen, Thomas"]
[Black "De Vreugt, Dennis"]
[Result "1/2-1/2"]
[WhiteElo "2396"]
[BlackElo "2326"]
[PlyCount "82"]
[EventDate "2022.??.??"]
[SourceVersionDate "2020.03.16"]
[WhiteTeam "SC Siegburg 1"]
[BlackTeam "SV Erkenschwick 1"]

1. Nf3 d5 2. c4 d4 3. g3 g6 4. b4 Bg7 5. d3 Nh6 6. Nbd2 a5 7. bxa5 c5 8. Nb3
Bd7 9. Bg2 Bc6 10. O-O Qd6 11. e3 O-O 12. exd4 cxd4 13. Re1 Nf5 14. Bf4 Qd7 15.
Be5 f6 16. Bxb8 Rfxb8 17. Nfd2 e5 18. Ne4 Ne7 19. Nec5 Qc8 20. Ne4 f5 21. Ned2
h5 22. Nf3 Qc7 23. Qd2 Qd6 24. Re2 Rd8 25. Rd1 Bf6 26. Qe1 Bxf3 27. Bxf3 Rd7
28. c5 Qc7 29. Qb4 Kg7 30. Qb6 Qc8 31. Rc1 Ra6 32. Qb5 Nc6 33. Bg2 h4 34. Qc4
Nxa5 35. Nxa5 Rxa5 36. Qb4 Ra7 37. Rec2 Rc7 38. a4 Qd7 39. Rc4 Qe7 40. Re1 Qd7
41. gxh4 Ra8 1/2-1/2

[Event "SC Siegburg 1 - SV Erkenschwick 1"]
[Site "Oberliga NRW 2021/2022"]
[Date "2022.03.13"]
[Round "7.4"]
[White "Schmidt, Bodo"]
[Black "Erwich, Marc"]
[Result "0-1"]
[WhiteElo "2241"]
[BlackElo "2279"]
[PlyCount "120"]
[EventDate "2022.??.??"]
[SourceVersionDate "2020.03.16"]
[WhiteTeam "SC Siegburg 1"]
[BlackTeam "SV Erkenschwick 1"]

1. d4 d5 2. Nf3 Nf6 3. c4 dxc4 4. e3 g6 5. Bxc4 Bg7 6. b4 O-O 7. Qb3 e6 8. O-O
Ne4 9. Nbd2 Nd6 10. Bd3 a5 11. b5 a4 12. Qb4 Nd7 13. Ba3 e5 14. dxe5 Nxe5 15.
Nxe5 Bxe5 16. Rac1 b6 17. Nc4 Nxc4 18. Qxf8+ Qxf8 19. Bxf8 Nxe3 20. fxe3 Kxf8
21. Bc4 f6 22. Rcd1 Ke7 23. h3 Ra5 24. g4 Bd7 25. Rb1 a3 26. Rb3 Ra4 27. Bg8 h5
28. g5 Bxh3 29. gxf6+ Kf8 30. Rf4 Bxf4 31. exf4 Kxg8 32. Rxh3 Rxf4 33. Rxa3
Rxf6 34. Rc3 Rf7 35. Kg2 Kg7 36. Kg3 Kh6 37. a4 Kg5 38. Re3 h4+ 39. Kh3 Rf4 40.
Ra3 Kh5 41. a5 bxa5 42. Rxa5 g5 43. Ra8 Rf3+ 44. Kg2 Rb3 45. Rc8 h3+ 46. Kh2
Kh4 47. Rxc7 Rb2+ 48. Kh1 g4 49. Rc4 Rxb5 50. Ra4 Re5 51. Kh2 Rf5 52. Rb4 Rf2+
53. Kh1 Kg3 54. Rb3+ Rf3 55. Rb1 Rf4 56. Rb3+ Kh4 57. Kg1 g3 58. Rb2 h2+ 59.
Kg2 Rf2+ 60. Kh1 Rf1+ 0-1

[Event "SC Siegburg 1 - SV Erkenschwick 1"]
[Site "Oberliga NRW 2021/2022"]
[Date "2022.03.13"]
[Round "7.5"]
[White "Van Beek, Alexander"]
[Black "Albrecht, Oliver"]
[Result "1-0"]
[WhiteElo "2297"]
[BlackElo "2158"]
[PlyCount "83"]
[EventDate "2022.??.??"]
[SourceVersionDate "2020.03.16"]
[WhiteTeam "SV Erkenschwick 1"]
[BlackTeam "SC Siegburg 1"]

1. e4 c5 2. Nf3 d6 3. Bb5+ Bd7 4. Bxd7+ Qxd7 5. c4 Nc6 6. Nc3 Nf6 7. d4 cxd4 8.
Nxd4 g6 9. b3 Bg7 10. Bb2 O-O 11. O-O e6 12. Qd3 Rfd8 13. Rad1 d5 14. Nxc6 bxc6
15. e5 Ne8 16. Qe2 f6 17. f4 fxe5 18. fxe5 Qe7 19. cxd5 cxd5 20. Nb5 Nc7 21.
Ba3 Qd7 22. Nd4 Bf8 23. Bc1 Bc5 24. Kh1 Bxd4 25. Rxd4 Rf8 26. Bh6 Qb5 27. Rd3
Rxf1+ 28. Qxf1 Qd7 29. h4 Qe7 30. h5 Ne8 31. hxg6 hxg6 32. Qf4 Ng7 33. Bg5 Rf8
34. Qg4 Rf1+ 35. Kh2 Qf7 36. Rc3 Nh5 37. Rc8+ Kg7 38. Qh4 Qb7 39. Bf6+ Kf7 40.
Rh8 Qb6 41. Rh7+ Ke8 42. Qa4+ 1-0